000 00709cam a22002053a 4500
001 36376
003 PGUSA
005 20140828083804.0
008 110613s2011||||xxu|||||s|||||000 | eng d
040 _aPGUSA
_beng
042 _adc
100 1 _aWeems, M. L.
_q(Mason Locke),
_d1759-1825
245 1 4 _aThe Life of Benjamin Franklin :
_bWith Many Choice Anecdotes and admirable sayings of this great man never before published by any of his biographers
_h[electronic resource] /
_cM. L. Weems
260 _bProject Gutenberg,
_c2011
506 _aPublic domain in the USA.
516 _aElectronic text
830 0 _aProject Gutenberg
_v36376
856 4 0 _uhttp://www.gutenberg.org/ebooks/36376
942 _cEB
999 _c265631
_d265631